01657nam a2200289Ia 450000500170000000800410001702000190005808200190007710000360009624501180013225000390025030000430028949000200033250506440035265000290099665000310102565000350105665000450109165000480113694200120118426400330119633600270122933700330125633800280128904000350131799900150135220220317001128.0160825s2009 ck a g 000 0 spa  a9789583008601204a616.9792bL86s1 aLuque Núñez, Ricardod1959-13aEl sida en primera personabinformación y claves para el logro de acuerdos preventivoscRicardo Luque Núñez a1a. edición b4a. reimpresión  a187 páginas bilustraciones c23 cm  aCiencia y salud acapítulo 1. Miedo e intolerancia: el sida social. -- capítulo 2. El VIH: la causa. -- capítulo 3. El sida: la enfermedad. -- capítulo 4. Formas de transmisión del VIH. -- capítulo 5. Historia natural de la enfermedad. -- capítulo 6. La prueba diagnóstica. -- capítulo 7. ¿Cómo tratar la infección por VIH?. -- capítulo 8. Prevención de la transmisión por vía sexual. -- capítulo 9. Dos palabras sobre las enfermedades de transmisión sexual (ETS). -- capítulo 10. ¿Es usted vulnerable al sida?. -- capítulo 11. Sexo, género y orientación sexual. -- capítulo 12. Bioética y sida: tres ensayos.142LEMBaSidaxDiagnostico 142LEMBaSidaxPrevención 142LEMBaSidaxAspectos sociales 142LEMBaSidaxAspectos morales y éticos 142LEMBaEnfermedades de transmisión sexual  2ddccBK aBogotábPanamericanac2009 atextobtxt2rdacontent asin mediaciónbn2rdamedia avolumenbnc2rdacarrier aCO-BoRNBPbspaerdacCO-BoRNBP c6011d6011